| 000 | 01421cam a22003495a 4500 | ||
|---|---|---|---|
| 001 | 016218602 | ||
| 003 | OSt | ||
| 005 | 20151210133551.0 | ||
| 008 | 130726t2013 enka frbd 001 0 eng d | ||
| 020 | _a9780273768371 (paperback) | ||
| 020 | _a0273768379 (paperback) | ||
| 040 |
_aIiNdDKA _beng _cIiNdDKA _dEG-ScBUE |
||
| 082 | 0 | 4 |
_a658.3124 _222 _bBLA |
| 100 | 1 |
_aBlanchard, P. Nick. _938897 |
|
| 245 | 1 | 0 |
_aEffective training : _bsystems, strategies, and practices / _cP. Nick Blanchard, James W. Thacker ; contributions by Asokan Pichai. |
| 250 | _a5th ed., International ed. | ||
| 260 |
_aHarlow : _bPearson Education Limited, _cc.2013. |
||
| 300 |
_a502 p. : _bill. ; _c26 cm. |
||
| 500 | _a"Authorized adaptation from the United States edition, entitled Effective training : systems, strategies, and practices, 5th edition, ISBN 978-0-13-272904-8 by P. Nick Blanchard and James W. Thacker, published by Pearson Education ©2013"--Title page verso. | ||
| 500 | _aGlossary : p. 480-490. | ||
| 500 | _aIndex : p. 491-502. | ||
| 504 | _aIncludes bibliographical references. | ||
| 541 | _aBUE book fair. | ||
| 650 | 7 |
_aEmployees _xTraining of. _2BUEsh _933927 |
|
| 650 | 0 |
_aOccupational training. _2BUEsh |
|
| 651 | _2BUEsh | ||
| 653 |
_bBUSADM _cDecember2015 |
||
| 690 | 7 |
_aManagement and Business Studies _2blcoll |
|
| 700 | 1 |
_aPichai, Asokan, _econtributor. |
|
| 700 | 1 | _aThacker, James W. | |
| 942 | _2ddc | ||
| 999 |
_c21112 _d21084 |
||